000 00698nam a2200265Ia 4500
003 OSt
005 20221006150607.0
006 a|||||r|||| 00| 0
007 ta
008 221006b |||||||| |||| 00| 0 jpn d
020 _c¥6000
024 _a19,180
037 _bGift, Japan Foundation
_cTextual
040 _aEASL
_cEASL
_bjpn
041 _2jpn
_ajpn
082 _aV42:1973.N7, L6
100 _aGAIMUSHO
_9657090
245 0 _aNichibei kosho shiryo
260 _aTokyo
_bHarasho Bo Japan
_c1976
300 _a887p.
_ccm.
490 _v JL
650 _aJL
942 _hV42:1973.N7, L6
_cTEXL
_2CC
999 _c1087266
_d1087266